000
00281nam a22001217a 4500
008
180226b xxu||||| |||| 00| 0 eng d
041
_a
eng
080
_a
37
100
_a
25
101
_a
EDU
245
_a
Skillstreaming the elementary school child
_c
Ginnis,E.M
942
_2
udc
_c
BK
999
_c
43489
_d
43489